000 00532nam a2200181 a 4500
005 20140412111305.0
008 010425s19uu xx 00 eng d
020 _a0-679-91207-x
050 _aER
_bDi61 1991
100 _aPenner, Lucille Recht
245 _aDinosaur Babies /
_cLucille Recht Penner.
260 _aNew ork :
_bRandom House,
_c1991.
300 _a32p.
440 _aStep into reading
520 _aDescribes the characteristics and behavior of baby dinosaurs
650 _aDinosaurs - Infancy
999 _c103651
_d103651